Statistics for Biggest Metropolitan Cities in the D. R. Congo

Click here to take the quiz!

General Stats

  • This quiz has been taken 16 times
    (2 since last reset)
  • The average score is 2 of 10

Answer Stats

Population (2024)City% Correct
17,239,000Kinshasa
100%
2,584,000Lubumbashi
50%
2,892,000Mbuji-Mayi
50%
1,133,000Bukavu
0%
2,001,000Butembo
0%
2,000,000Goma
0%
1,524,000Kananga
0%
1,602,000Kisangani
0%
1,040,000Kolwezi
0%
1,188,000Mbandaka
0%

Score Distribution

Percentile by Number Answered

Percent of People with Each Score

Your Score History

You have not taken this quiz since the last reset